| 000 | 00622nam a2200193Ia 4500 | ||
|---|---|---|---|
| 003 | GCL | ||
| 008 | 140319s9999 xx 000 0 ara d | ||
| 040 |
_aGCL / _cGCL |
||
| 082 | 0 | 4 |
_aق _b301.22 _bك ث |
| 100 | 1 | _aكمال المنوفى | |
| 245 | 1 | 0 |
_aالثقافة السياسية المتغيرة فى القرية المصرية (هدية من الاديب عبدالفتاح الجمل) / _cكمال المنوفى |
| 300 | _a96 ص | ||
| 490 | _a | ||
| 650 | 0 | 4 | _aالثقافة |
| 650 | 0 | 4 | _aالتنمية الريفية |
| 650 | 0 | 4 | _aالقرى |
| 650 | 0 | 4 | _aالحياة الريفية |
| 942 |
_2ddc _cBK |
||
| 999 |
_c39369 _d39369 |
||